Florence Pugh Projects-Sudden Death - Statistics

General Stats
  • This quiz has been taken 36 times
  • The average score is 9 of 20
Answers on the Grid
Answers color-coded by a green-red scale on the quiz's grid according to % correct below.
Apple Cider Vinegar
A Real Pain
Barbie
Oppenheimer
We Live in Time
The Boy and the Heron
Heretic
Dune: Part Two
Palm Springs
Challengers
The Perfect Couple
My Old Ass
A Good Person
Shrek
Puss in Boots: The Last Wish
Don't Worry Darling
Killers of the Flower Moon
Dune
Wicked
Babylon
Hawkeye
Black Widow
Avengers: Endgame
Inception
Fighting with My Family
Asteroid City
Little Women
Midsommar
The Little Drummer Girl
Don Jon
Mamma Mia
Malevolent
Lady Macbeth
Pitch Perfect
The Wonder
King Lear
Human Resources
The Last of Us
Marcella
The Falling
 
Answer Stats
Answer % Correct
Oppenheimer
83%
Dune: Part Two
74%
We Live in Time
74%
Don't Worry Darling
70%
Midsommar
65%
Black Widow
57%
Lady Macbeth
57%
Little Women
57%
A Good Person
48%
Hawkeye
48%
Puss in Boots: The Last Wish
48%
Fighting with My Family
39%
The Falling
39%
The Boy and the Heron
35%
The Wonder
35%
The Little Drummer Girl
30%
King Lear
26%
Marcella
26%
Malevolent
22%
Human Resources
4%
No matching quizzes found
Score Distribution
Percent of People with Each Score
Percentile by Number Answered
Your Score History
You have not taken this quiz